000
00300nam a22001337a 4500
008
171018b xxu||||| |||| 00| 0 eng d
020
_a
9781412940290
041
_a
eng
080
_a
338
100
_a
53
101
_a
MEN
245
_a
CASES IN ALLIANCE MANAGMENT
_c
KELLY.M.J
942
_2
udc
_c
BK
999
_c
34562
_d
34562